El matrimonio celebrado sin fe / (Record n. 1523)

Dettagli MARC
000 -LEADER
fixed length control field 00716nam a2200229 i 4500
003 - CONTROL NUMBER IDENTIFIER
control field IT-RoINE
005 - DATE AND TIME OF LATEST TRANSACTION
control field 20140114172330.0
008 - FIXED-LENGTH DATA ELEMENTS--GENERAL INFORMATION
fixed length control field 021202s1988 sp |r 00||0 spa d
020 ## - INTERNATIONAL STANDARD BOOK NUMBER
International Standard Book Number 8440433719
040 ## - CATALOGING SOURCE
Original cataloging agency UNAV
Modifying agency UPSA
-- IT-RoINE
Transcribing agency IT-RoINE
100 1# - MAIN ENTRY--PERSONAL NAME
Personal name Alarcón Alarcón, Francisco
9 (RLIN) 2943
245 13 - TITLE STATEMENT
Title El matrimonio celebrado sin fe /
Statement of responsibility, etc Francisco Alarcón Alarcón.
260 ## - PUBLICATION, DISTRIBUTION, ETC. (IMPRINT)
Place of publication, distribution, etc Almería :
Name of publisher, distributor, etc Obispado,
Date of publication, distribution, etc 1988.
300 ## - PHYSICAL DESCRIPTION
Extent 305 p. ;
Dimensions 24 cm.
336 ## - CONTENT TYPE
Source rdacontent
Content type term text
337 ## - MEDIA TYPE
Source rdamedia
Media type term unmediated
338 ## - CARRIER TYPE
Source rdacarrier
Carrier type term volume
504 ## - BIBLIOGRAPHY, ETC. NOTE
Bibliography, etc "Fuentes y bibliografía": p. [283]-302.
650 04 - SUBJECT ADDED ENTRY--TOPICAL TERM
Topical term or geographic name as entry element Fe
9 (RLIN) 1759
650 04 - SUBJECT ADDED ENTRY--TOPICAL TERM
Topical term or geographic name as entry element Matrimonio
General subdivision Aspecto religioso
-- Iglesia Católica
9 (RLIN) 2841
942 ## - ADDED ENTRY ELEMENTS (KOHA)
Item type Monografías
Dati di copia
Withdrawn status Lost status Damaged status Not for loan Home library Current library Date acquired Inventory number Total Checkouts Full call number Barcode Date last seen Price effective from Koha item type
        Iglesia Nacional Española en Roma Iglesia Nacional Española en Roma 14/01/2014 89348   TEO 284 1751 14/01/2014 14/01/2014 Monografías
        Iglesia Nacional Española en Roma Iglesia Nacional Española en Roma 16/03/2016 R06/478   TEO 1229 22263 16/03/2016 16/03/2016 Monografías
        Iglesia Nacional Española en Roma Iglesia Nacional Española en Roma 18/02/2019     NOVALÍN 1627 NOV-1779 18/02/2019 18/02/2019 Monografías